[Event "20th Dubai Open 2018"]
[Site "Dubai UAE"]
[Date "2018.04.03"]
[Round "2.1"]
[White "Haria, Ravi"]
[Black "Kryvoruchko, Yuriy"]
[Result "0-1"]
[WhiteTitle "IM"]
[BlackTitle "GM"]
[WhiteElo "2441"]
[BlackElo "2703"]
[WhiteFideId "415820"]
[BlackFideId "14109182"]
[EventDate "2018.04.02"]

1. Nf3 d5 2. g3 g6 3. Bg2 Bg7 4. d4 c6 5. O-O Nf6 6. c4 dxc4 7. Na3 b5 8. Ne5
Nd5 9. Bd2 O-O 10. Nc2 Bb7 11. e4 Nb6 12. f4 c5 13. d5 e6 14. dxe6 fxe6 15. Qg4
Qe7 16. Rad1 Nc6 17. Nxc6 Bxc6 18. Bc3 Bxc3 19. bxc3 Rad8 20. Ne3 Rd3 21. Rde1
Bd7 22. e5 Rxc3 23. Be4 Rd3 24. h4 Rd4 25. Qf3 Bc8 26. Bc6 b4 27. Ng4 c3 28. h5
Nc4 29. Nf6+ Rxf6 30. exf6 Qxf6 31. Rf2 Rd2 32. h6 c2 33. Bb5 Qd4 34. Bxc4 Bb7
35. Bxe6+ Kf8 0-1

[Event "20th Dubai Open 2018"]
[Site "Dubai UAE"]
[Date "2018.04.03"]
[Round "2.2"]
[White "Sundararajan, Kidambi"]
[Black "Amin, Bassem"]
[Result "1-0"]
[WhiteTitle "GM"]
[BlackTitle "GM"]
[WhiteElo "2436"]
[BlackElo "2700"]
[WhiteFideId "5005370"]
[BlackFideId "10601457"]
[EventDate "2018.04.02"]

1. d4 Nf6 2. c4 g6 3. Nc3 Bg7 4. e4 d6 5. Be2 O-O 6. Bg5 h6 7. Be3 e5 8. d5 Na6
9. Qd2 Nc5 10. f3 a5 11. O-O-O h5 12. h4 Nh7 13. g4 hxg4 14. fxg4 Nf6 15. Bxc5
dxc5 16. g5 Nh7 17. Nf3 f6 18. h5 Nxg5 19. hxg6 Ra6 20. Rdg1 Nh3 21. Rg3 Nf4 22.
Bd1 f5 23. Qh2 Re8 24. Bc2 fxe4 25. Bxe4 Qf6 26. Ng5 Re7 27. Nh7 Qb6 28. d6 Re6
29. Nd5 Qxd6 30. Rd1 Bd7 31. Ng5 Rxg6 32. Nxf4 Rh6 33. Nh5 1-0

[Event "20th Dubai Open 2018"]
[Site "Dubai UAE"]
[Date "2018.04.03"]
[Round "2.3"]
[White "Jones, Gawain C B"]
[Black "Laxman, R.R."]
[Result "1/2-1/2"]
[WhiteTitle "GM"]
[BlackTitle "GM"]
[WhiteElo "2675"]
[BlackElo "2441"]
[WhiteFideId "409561"]
[BlackFideId "5005361"]
[EventDate "2018.04.02"]

1. e4 e5 2. Nf3 Nc6 3. c3 Nf6 4. d4 Nxe4 5. d5 Ne7 6. Nxe5 Ng6 7. Nxg6 hxg6 8.
Bd3 Nf6 9. O-O Be7 10. c4 d6 11. Re1 O-O 12. Nc3 Nd7 13. Bc2 Nc5 14. b4 Bf6 15.
Bd2 Nd7 16. Rb1 a5 17. a3 axb4 18. axb4 Nb6 19. Qe2 Be5 20. Ne4 Qh4 21. f4 Bd4+
22. Kh1 Bf5 23. Qd3 Bf2 24. Re2 Rfe8 25. Rf1 Nd7 26. Qc3 Bb6 27. Bc1 Bxe4 28.
Rxe4 Rxe4 29. Bxe4 Qf6 30. Qd3 Qd4 31. g4 Nf6 32. Qxd4 Bxd4 33. Bf3 Ra2 34. g5
Nd7 35. Bg4 f5 36. gxf6 Nxf6 37. Be6+ Kf8 38. f5 gxf5 39. Bxf5 Be5 40. h3 Kg8
41. Be3 Ra3 42. Be6+ Kh7 43. Bf4 Bxf4 44. Rxf4 Kh6 45. Kg2 Rc3 46. Kf2 b6 47. h4
Nh5 48. Rg4 Nf6 49. Rf4 Rb3 50. b5 Rc3 51. Bc8 Nh5 52. Re4 g6 53. Ke1 Nf6 54.
Rf4 Kg7 55. Kd2 Ra3 56. Be6 Ra2+ 57. Kc3 Ra3+ 58. Kd4 Ra1 59. Kc3 Rh1 60. Kb4
Re1 61. Rf3 Rb1+ 62. Kc3 Ra1 63. Kb4 Ra2 64. Rf4 Re2 65. Rf3 Rb2+ 66. Kc3 Rh2
67. Rf4 Rh1 68. Kd2 Ra1 69. Kc3 Rg1 70. Kd4 Rd1+ 71. Kc3 Rh1 1/2-1/2

[Event "20th Dubai Open 2018"]
[Site "Dubai UAE"]
[Date "2018.04.03"]
[Round "2.4"]
[White "Viani, Antonio Dcunha"]
[Black "Akopian, Vladimir"]
[Result "1/2-1/2"]
[WhiteTitle "IM"]
[BlackTitle "GM"]
[WhiteElo "2435"]
[BlackElo "2667"]
[WhiteFideId "5027330"]
[BlackFideId "13300032"]
[EventDate "2018.04.02"]

1. e4 c5 2. Nf3 e6 3. d4 cxd4 4. Nxd4 a6 5. c4 Nf6 6. Nc3 Qc7 7. Be2 Bb4 8. Qd3
O-O 9. O-O d6 10. Be3 Nbd7 11. f3 Ne5 12. Qc2 Bd7 13. Rac1 Rac8 14. a3 Bc5 15.
Qd2 Qb8 16. Rfd1 Rfd8 17. Kh1 Be8 18. f4 Ng6 19. f5 e5 20. fxg6 exd4 21. gxh7+
Kh8 22. Bxd4 Bxd4 23. Qxd4 Bc6 24. Rf1 Nd7 25. Rxf7 Ne5 26. Rcf1 Rc7 27. Rxc7
Qxc7 28. Rd1 Qe7 29. c5 Nf7 30. Qc4 Kxh7 31. cxd6 Rxd6 32. Rxd6 Nxd6 33. Qd4 Nf7
34. Kg1 Qg5 35. Qf2 Qc1+ 36. Nd1 Kg8 37. Qd4 Kf8 38. Bc4 Ke8 39. Bb3 Ng5 40.
Qe5+ Kd8 41. Qd6+ Ke8 42. e5 Ne4 43. Qe6+ Kd8 44. Qg8+ Kc7 45. Qxg7+ Kb6 46. Qf8
Nc5 47. Qf2 Kc7 48. Bc2 Ne4 49. Qe2 Nd2 50. Qd3 b5 51. h4 Nc4 52. e6 Nxb2 53.
Qg3+ Kb7 54. Qg7+ Kb6 55. Qxb2 Qd2 56. Bf5 Qxd1+ 57. Kf2 Qd5 58. Bh3 Qc5+ 59.
Ke2 Qh5+ 60. Ke3 Qh6+ 61. Kd3 Qh7+ 62. Kd2 Qh6+ 63. Ke1 Qxh4+ 64. Qf2+ Qxf2+ 65.
Kxf2 Kc5 66. Ke3 a5 67. Kf4 Kd6 68. Bf5 Bxg2 69. Bd3 b4 70. axb4 axb4 71. Bc4
Bh3 72. Ke4 Bxe6 73. Bxe6 Kxe6 74. Kd4 b3 75. Kc3 Kd5 76. Kxb3 Ke5 1/2-1/2

[Event "20th Dubai Open 2018"]
[Site "Dubai UAE"]
[Date "2018.04.03"]
[Round "2.5"]
[White "Anton Guijarro, David"]
[Black "Sindarov, Javokhir"]
[Result "1-0"]
[WhiteTitle "GM"]
[BlackTitle "IM"]
[WhiteElo "2653"]
[BlackElo "2431"]
[WhiteFideId "2285525"]
[BlackFideId "14205483"]
[EventDate "2018.04.02"]

1. d4 Nf6 2. c4 g6 3. Nc3 d5 4. cxd5 Nxd5 5. e4 Nxc3 6. bxc3 Bg7 7. Bc4 O-O 8.
Ne2 c5 9. O-O Nc6 10. Be3 Qc7 11. Qd2 Rd8 12. Bf4 Qa5 13. d5 Ne5 14. Bxe5 Bxe5
15. a4 Qc7 16. f4 Bg7 17. e5 b6 18. Ng3 Bb7 19. Rfd1 Qc8 20. Qe2 Kh8 21. Rab1
Bh6 22. f5 Bf4 23. e6 fxe6 24. fxg6 hxg6 25. Nh5 Qc7 26. Nxf4 Qxf4 27. Rf1 Qg5
28. h4 Qg3 29. Rf3 Qd6 30. Rbf1 exd5 31. Qe3 g5 32. Qxg5 1-0

[Event "20th Dubai Open 2018"]
[Site "Dubai UAE"]
[Date "2018.04.03"]
[Round "2.6"]
[White "Tahbaz, Arash"]
[Black "Safarli, Eltaj"]
[Result "1-0"]
[WhiteTitle "IM"]
[BlackTitle "GM"]
[WhiteElo "2434"]
[BlackElo "2653"]
[WhiteFideId "12528846"]
[BlackFideId "13402129"]
[EventDate "2018.04.02"]

1. d4 Nf6 2. Nf3 g6 3. g3 Bg7 4. Bg2 O-O 5. c4 c5 6. O-O cxd4 7. Nxd4 Nc6 8. Nc3
d6 9. Nxc6 bxc6 10. Rb1 Bf5 11. e4 Bg4 12. Qd2 Qc8 13. Re1 Nd7 14. h3 Be6 15. b3
Nc5 16. Kh2 a5 17. Ba3 Rd8 18. Qe3 Na6 19. Na4 Qb7 20. Rbd1 Nb4 21. Qe2 Qa7 22.
f4 Rab8 23. Bb2 Bxb2 24. Qxb2 Na6 25. Qd2 Nc5 26. Qe3 Ra8 27. Nc3 Na6 28. Qc1
Qc5 29. g4 f6 30. e5 dxe5 31. Ne4 Rxd1 32. Rxd1 Qb6 33. fxe5 Qc7 34. Qc3 Rf8 35.
Kh1 Qxe5 36. Qxe5 fxe5 37. Ng5 Bc8 38. Re1 Nb4 39. Rxe5 h6 40. Nf3 Nxa2 41. Rxe7
h5 42. Ne5 hxg4 43. hxg4 Nb4 44. Nxg6 Rf6 45. Ne5 Re6 46. Rxe6 Bxe6 47. Kh2 Kg7
48. Kg3 c5 49. Be4 Bg8 50. Nd7 Na6 51. Bb7 Be6 52. Ne5 Nb8 53. Nd3 Nd7 54. Bc6
Nb6 55. Nxc5 Bf7 56. Kf4 Nxc4 57. bxc4 Bxc4 58. Nb7 1-0

[Event "20th Dubai Open 2018"]
[Site "Dubai UAE"]
[Date "2018.04.03"]
[Round "2.7"]
[White "Rakhmanov, Aleksandr"]
[Black "Khademalsharieh, Sarasadat"]
[Result "1-0"]
[WhiteTitle "GM"]
[BlackTitle "IM"]
[WhiteElo "2652"]
[BlackElo "2424"]
[WhiteFideId "4173708"]
[BlackFideId "12512214"]
[EventDate "2018.04.02"]

1. d4 Nf6 2. c4 e6 3. Nc3 Bb4 4. e3 d5 5. Nf3 O-O 6. Bd2 b6 7. cxd5 exd5 8. Rc1
Bb7 9. Bd3 Nbd7 10. O-O a6 11. Ne5 Bd6 12. f4 Ne4 13. Nxe4 dxe4 14. Bc4 Nf6 15.
Qb3 Qe7 16. Be1 b5 17. Bh4 Ra7 18. Bxf6 gxf6 19. Bd5 fxe5 20. fxe5 Bb4 21. Bxf7+
Rxf7 22. Rxf7 Qxf7 23. e6 Qe8 24. Qxb4 c6 25. Qc5 Ra8 26. e7 Qf7 27. Rf1 Qg7 28.
Rf5 h6 29. Qd6 Re8 30. Qe6+ Kh8 31. Rf6 1-0

[Event "20th Dubai Open 2018"]
[Site "Dubai UAE"]
[Date "2018.04.03"]
[Round "2.9"]
[White "Mareco, Sandro"]
[Black "Omar, Noaman"]
[Result "1-0"]
[WhiteTitle "GM"]
[BlackTitle "IM"]
[WhiteElo "2645"]
[BlackElo "2372"]
[WhiteFideId "112275"]
[BlackFideId "9300244"]
[EventDate "2018.04.02"]

1. c4 e6 2. Nf3 d5 3. g3 Nf6 4. Bg2 d4 5. O-O c5 6. e3 Nc6 7. exd4 cxd4 8. d3
Bd6 9. Bg5 h6 10. Bxf6 Qxf6 11. Nbd2 Qd8 12. a3 a5 13. Rc1 O-O 14. c5 Bc7 15.
Qa4 Ra6 16. Rfe1 Re8 17. Nc4 Bd7 18. Nfd2 Qb8 19. Qd1 Ne7 20. Ne4 Nf5 21. Bh3
Rf8 22. b4 axb4 23. axb4 b5 24. cxb6 Bxb6 25. Nc5 Bxc5 26. bxc5 Bc6 27. Ne5 Qc7
28. Qh5 Ne7 29. Qh4 Bd5 30. Qxd4 Nc6 31. Qf4 Ra2 32. Ng6 Rc8 33. Qxc7 Rxc7 34.
Nf4 Bf3 35. Nxe6 Re7 36. Nf4 Rxe1+ 37. Rxe1 g5 38. Bg2 Nd4 39. Re8+ Kh7 40. Bxf3
Nxf3+ 41. Kg2 g4 42. h3 f5 43. Re7+ Kg8 44. hxg4 fxg4 45. Re6 Kf7 46. Re3 Ra1
47. Rxf3 gxf3+ 48. Kxf3 Kf6 49. d4 Rc1 50. Ke4 Kg5 51. d5 Kf6 52. Kd4 Rd1+ 53.
Nd3 Ke7 54. g4 Rd2 55. f3 Rd1 56. Ke4 Rd2 57. Ne5 Kf6 58. f4 Rd1 59. d6 Re1+ 60.
Kd4 Rd1+ 61. Nd3 1-0

[Event "20th Dubai Open 2018"]
[Site "Dubai UAE"]
[Date "2018.04.03"]
[Round "2.10"]
[White "Arjun, Kalyan"]
[Black "Ganguly, Surya Shekhar"]
[Result "0-1"]
[BlackTitle "GM"]
[WhiteElo "2397"]
[BlackElo "2642"]
[WhiteFideId "35018701"]
[BlackFideId "5002150"]
[EventDate "2018.04.02"]

1. e4 e5 2. Nf3 Nc6 3. Bb5 Nf6 4. O-O Nxe4 5. Re1 Nd6 6. Nxe5 Be7 7. Bf1 Nf5 8.
c3 Nxe5 9. Rxe5 d6 10. Re1 c5 11. d3 O-O 12. Nd2 Be6 13. Nf3 Bf6 14. g3 h6 15.
Bg2 Qb6 16. Nd2 d5 17. Nf1 Rfe8 18. Qb3 g5 19. Bd2 Qd6 20. Re2 Re7 21. Rae1 Rae8
22. Qc2 b5 23. h3 d4 24. Nh2 c4 25. Be4 Bd5 26. Bc1 Nxg3 27. fxg3 Qxg3+ 28. Kf1
Qxh3+ 29. Kg1 Qg3+ 30. Kf1 Be6 0-1

[Event "20th Dubai Open 2018"]
[Site "Dubai UAE"]
[Date "2018.04.03"]
[Round "2.11"]
[White "Tissir, Mohamed"]
[Black "Sethuraman, S.P."]
[Result "0-1"]
[WhiteTitle "IM"]
[BlackTitle "GM"]
[WhiteElo "2381"]
[BlackElo "2631"]
[WhiteFideId "9000240"]
[BlackFideId "5021596"]
[EventDate "2018.04.02"]

1. e4 c5 2. Nf3 e6 3. d4 cxd4 4. Nxd4 Nc6 5. Nc3 Qc7 6. Nb3 a6 7. Bd3 b5 8. O-O
Nf6 9. f4 d6 10. Qf3 Bb7 11. Bd2 g6 12. Rae1 Bg7 13. Qh3 O-O 14. f5 Rae8 15. Qh4
Ne5 16. Bg5 Ned7 17. a3 exf5 18. exf5 Qc6 19. Qh3 Rxe1 20. Rxe1 Ne5 21. Be3 Nxd3
22. cxd3 Qd7 23. Nd4 Re8 24. Qh4 Re5 25. h3 a5 26. Bf4 Rxe1+ 27. Qxe1 Nd5 28.
Be3 Nxe3 29. Qxe3 b4 30. axb4 axb4 31. Nce2 Be5 32. b3 Bd5 33. fxg6 hxg6 34. Nf3
Bg7 35. Nd2 Qc6 36. Nf4 Bh6 37. g3 Qc1+ 38. Kf2 Qc2 39. Qe8+ Kg7 40. Nxd5 Bxd2
41. Qe4 Bc3+ 42. Kf3 Qxb3 43. Nc7 Qd1+ 44. Kg2 Qd2+ 45. Kf3 Be5 0-1

[Event "20th Dubai Open 2018"]
[Site "Dubai UAE"]
[Date "2018.04.03"]
[Round "2.12"]
[White "Adly, Ahmed"]
[Black "Pranav, V"]
[Result "1-0"]
[WhiteTitle "GM"]
[WhiteElo "2626"]
[BlackElo "2366"]
[WhiteFideId "10601619"]
[BlackFideId "25060783"]
[EventDate "2018.04.02"]

1. Nf3 Nf6 2. c4 e6 3. g3 b6 4. Bg2 Bb7 5. O-O c5 6. d4 cxd4 7. Qxd4 d6 8. Rd1
Be7 9. Nc3 a6 10. b3 Nc6 11. Qf4 Qc7 12. Ba3 Ne5 13. Rac1 O-O 14. Qd4 Nxf3+ 15.
exf3 e5 16. Qe3 Rac8 17. Bh3 Rb8 18. Nd5 Nxd5 19. cxd5 Qd8 20. Rc6 Bxc6 21. dxc6
Qc7 22. Qe4 b5 23. Bb2 Rfd8 24. b4 Bf8 25. Qd5 Ra8 26. a3 Rab8 27. Rc1 g6 28. f4
Bg7 29. fxe5 Bxe5 30. Bxe5 dxe5 31. Bd7 Rb6 32. Qc5 Rbb8 33. Rd1 Rb6 34. Rd5
Rbb8 35. Kg2 e4 36. h4 h5 37. Kf1 Rb6 38. Ke2 Kh7 39. Ke3 Rbb8 40. Rd6 Kg8 41.
Kxe4 Rf8 42. Rf6 Rbd8 43. Qd6 Qa7 44. Rxg6+ fxg6 45. Qxg6+ Kh8 46. Qh6+ Kg8 47.
Be6+ Rf7 48. Qg5+ Kh7 49. Qxh5+ Kg7 50. Qg5+ Kh7 51. Bf5+ Kh8 52. Qxd8+ Kg7 53.
Be6 Re7 54. Qg8+ Kf6 55. Kd5 Qc7 56. Qg5# 1-0

[Event "20th Dubai Open 2018"]
[Site "Dubai UAE"]
[Date "2018.04.03"]
[Round "2.13"]
[White "Muthaiah, AL"]
[Black "Yilmaz, Mustafa"]
[Result "0-1"]
[BlackTitle "GM"]
[WhiteElo "2372"]
[BlackElo "2626"]
[WhiteFideId "5092442"]
[BlackFideId "6302718"]
[EventDate "2018.04.02"]

1. d4 Nf6 2. c4 e6 3. Nf3 c5 4. d5 d6 5. Nc3 exd5 6. cxd5 g6 7. e4 Bg7 8. Bf4
O-O 9. Be2 Bg4 10. h3 Bxf3 11. Bxf3 Ne8 12. O-O Nd7 13. Qc2 a6 14. a4 Rb8 15. a5
Qe7 16. Be2 Nc7 17. Bg3 b5 18. axb6 Rxb6 19. f4 Rfb8 20. Ra2 Rb4 21. Bf3 Nb5 22.
Nxb5 R8xb5 23. Rb1 c4 24. Be1 Nc5 25. Bxb4 Rxb4 26. Rd1 Qh4 27. e5 Qxf4 28. exd6
Qxd6 29. Be2 Bf8 30. Kh1 Qe5 31. Qc3 Qxe2 32. Re1 Qf2 33. Qe3 Qxe3 34. Rxe3 f5
35. Re8 Kf7 36. Rd8 Be7 37. Rh8 h5 38. Rh7+ Kf6 39. Ra5 Bd6 0-1

[Event "20th Dubai Open 2018"]
[Site "Dubai UAE"]
[Date "2018.04.03"]
[Round "2.14"]
[White "Iturrizaga Bonelli, Eduardo"]
[Black "Sadhwani, Raunak"]
[Result "1/2-1/2"]
[WhiteTitle "GM"]
[BlackTitle "FM"]
[WhiteElo "2624"]
[BlackElo "2358"]
[WhiteFideId "3901211"]
[BlackFideId "35093487"]
[EventDate "2018.04.02"]

1. c4 e5 2. g3 c6 3. d4 e4 4. Nc3 d5 5. Bg2 Nf6 6. Bg5 Nbd7 7. cxd5 cxd5 8. f3
h6 9. Bf4 Bb4 10. Qb3 Qe7 11. Rc1 O-O 12. a3 Bxc3+ 13. Rxc3 Nb6 14. Nh3 exf3 15.
Rxf3 Ne4 16. Nf2 Nc4 17. Nxe4 Qxe4 18. O-O Qxd4+ 19. Kh1 Be6 20. Rc3 Qb6 21.
Qxb6 axb6 22. Rb3 Rac8 23. Rd1 Rc5 24. h4 Ra8 25. Rb4 f5 26. b3 Nxa3 27. Rxb6
Re8 28. Rxb7 Rb5 29. Ra7 Nc2 30. Rc7 Nb4 31. Ra1 Rf8 32. Be5 Rf7 33. Ra8+ Kh7
34. Rxf7 Bxf7 35. Bh3 Kg6 36. Ra7 h5 37. Bd4 Nc6 38. Ra6 Be8 39. Rb6 Rxb6 40.
Bxb6 Ne5 41. Bd4 Ng4 42. Kg2 Bb5 43. Kf3 Nh2+ 44. Kf4 Ng4 45. Bg2 Bc6 46. b4 Nf6
47. Bh3 Bd7 48. Bxf6 Kxf6 49. e3 g6 50. Bf1 Ke6 51. b5 Kd6 52. Kg5 f4 53. gxf4
Bf5 54. Kf6 Kc5 55. Ke5 Be4 56. Be2 Kb6 57. Kd4 1/2-1/2

[Event "20th Dubai Open 2018"]
[Site "Dubai UAE"]
[Date "2018.04.03"]
[Round "2.15"]
[White "Charkhalashvili, Inga"]
[Black "Oleksiyenko, Mykhaylo"]
[Result "1/2-1/2"]
[WhiteTitle "WGM"]
[BlackTitle "GM"]
[WhiteElo "2348"]
[BlackElo "2621"]
[WhiteFideId "13601431"]
[BlackFideId "4152417"]
[EventDate "2018.04.02"]

1. d4 d6 2. c4 e5 3. dxe5 dxe5 4. Qxd8+ Kxd8 5. Nf3 f6 6. Nc3 Be6 7. e4 Nd7 8.
Be3 c6 9. a3 Bc5 10. Bxc5 Nxc5 11. O-O-O+ Kc7 12. b4 Nd7 13. Kb2 Nh6 14. Be2 a5
15. c5 axb4 16. axb4 b6 17. Rd6 Rhe8 18. b5 Nxc5 19. Rxc6+ Kb7 20. Nd2 Rec8 21.
Rxc8 Rxc8 22. Rd1 Rd8 23. Nb3 Rxd1 24. Nxc5+ bxc5 25. Bxd1 Kb6 26. Be2 Ka5 27.
Ka3 c4 28. b6 Kxb6 29. Kb4 Kc6 30. f3 1/2-1/2

[Event "20th Dubai Open 2018"]
[Site "Dubai UAE"]
[Date "2018.04.03"]
[Round "2.16"]
[White "Gupta, Abhijeet"]
[Black "Urazayev, Arystanbek"]
[Result "1-0"]
[WhiteTitle "GM"]
[BlackTitle "CM"]
[WhiteElo "2617"]
[BlackElo "2331"]
[WhiteFideId "5010608"]
[BlackFideId "13709810"]
[EventDate "2018.04.02"]

1. d4 Nf6 2. c4 e6 3. g3 Bb4+ 4. Nd2 O-O 5. Bg2 d5 6. Nf3 b6 7. O-O Bb7 8. cxd5
exd5 9. Ne5 Nbd7 10. Qa4 Bxd2 11. Nxd7 Bxc1 12. Nxf6+ Qxf6 13. Rfxc1 Qd6 14. Rc3
Rfe8 15. e3 g6 16. Rac1 Re7 17. Bf1 a6 18. Qc2 c6 19. Qb3 Qd8 20. a4 a5 21. Qa3
Kg7 22. Rb1 h5 23. h4 Re6 24. Bh3 Rf6 25. b4 Bc8 26. Bg2 Bf5 27. Rbc1 Qd6 28.
Rxc6 axb4 29. Qb2 Qxc6 30. Rxc6 Rxc6 31. Bxd5 Rc2 32. Qxb4 Rd8 33. e4 Bg4 34.
Kg2 Rd7 35. Bb3 Re2 36. d5 f5 37. Qc3+ Kh7 38. e5 f4 39. gxf4 Rf7 40. e6 1-0

[Event "20th Dubai Open 2018"]
[Site "Dubai UAE"]
[Date "2018.04.03"]
[Round "2.17"]
[White "Zubov, Alexander"]
[Black "Saravana, Krishnan P."]
[Result "1-0"]
[WhiteTitle "GM"]
[WhiteElo "2606"]
[BlackElo "2312"]
[WhiteFideId "14109409"]
[BlackFideId "5018382"]
[EventDate "2018.04.02"]

1. d4 d5 2. c4 c6 3. Nf3 Nf6 4. e3 Bf5 5. Nc3 a6 6. c5 h6 7. b4 a5 8. b5 Nbd7 9.
Bb2 Qc7 10. Be2 e5 11. b6 Qb8 12. Na4 e4 13. Nd2 h5 14. h3 g5 15. Qc2 Bh6 16.
O-O-O Qd8 17. g3 g4 18. h4 Qe7 19. Bc3 Nb8 20. Nb3 Rg8 21. Kb2 Rg6 22. Ka1 Be6
23. Rb1 Ng8 24. Rhc1 Rf6 25. Be1 Rf5 26. Qd2 Bg7 27. Nxa5 Qd7 28. Rb3 Ne7 29.
Ra3 Qc8 30. Nb2 Nd7 31. Rcc3 Rf3 32. Ra4 Nf8 33. Rca3 Rb8 34. Nb3 Bd7 35. Qa5
Nf5 36. Nd2 Ne6 37. Nxf3 gxf3 38. Bf1 Qd8 39. Qa7 Nfxd4 40. exd4 Nxd4 41. Kb1
Ke7 42. Bc3 e3 43. Bxd4 Bf5+ 44. Ka1 1-0

[Event "20th Dubai Open 2018"]
[Site "Dubai UAE"]
[Date "2018.04.03"]
[Round "2.18"]
[White "Kulkarni, Bhakti"]
[Black "Tabatabaei, M.amin"]
[Result "0-1"]
[WhiteTitle "CM"]
[BlackTitle "IM"]
[WhiteElo "2317"]
[BlackElo "2605"]
[WhiteFideId "5019516"]
[BlackFideId "12521213"]
[EventDate "2018.04.02"]

1. d4 e6 2. Nf3 Nf6 3. c4 d5 4. Nc3 c6 5. e3 Nbd7 6. Bd3 dxc4 7. Bxc4 b5 8. Bd3
Bb7 9. O-O a6 10. Qe2 c5 11. Rd1 Rc8 12. e4 c4 13. Bc2 b4 14. Nb1 Be7 15. d5
exd5 16. exd5 Bxd5 17. Re1 Nc5 18. Nd4 Nd3 19. Bxd3 cxd3 20. Qxd3 Be4 21. Qe3
Rc4 22. Nb3 Ba8 23. N1d2 Rg4 24. f3 Rg6 25. Nc4 Nd5 26. Qf2 O-O 27. Bd2 Rc6 28.
Rac1 Bh4 29. g3 Bf6 30. Nd4 Rc7 31. Nf5 Qd7 32. Nfd6 Be7 33. Ne4 f5 34. Ng5 Bc5
35. Ne3 h6 36. Nh3 Re8 37. Kg2 Nxe3+ 38. Bxe3 Bxe3 0-1

[Event "20th Dubai Open 2018"]
[Site "Dubai UAE"]
[Date "2018.04.03"]
[Round "2.19"]
[White "Risting, Eivind Olav"]
[Black "Volkov, Sergey"]
[Result "0-1"]
[WhiteTitle "FM"]
[BlackTitle "GM"]
[WhiteElo "2303"]
[BlackElo "2598"]
[WhiteFideId "1517333"]
[BlackFideId "4122763"]
[EventDate "2018.04.02"]

1. d4 d5 2. c4 c6 3. Nc3 dxc4 4. e3 b5 5. a4 b4 6. Ne4 Qd5 7. Ng3 Nf6 8. Be2 e6
9. e4 Qa5 10. Bxc4 Ba6 11. Qe2 Bxc4 12. Qxc4 Qa6 13. Qxa6 Nxa6 14. Nf3 c5 15.
Ke2 Be7 16. Rd1 cxd4 17. Nxd4 Nc5 18. f3 Rc8 19. Be3 O-O 20. Rac1 g6 21. Nb5 Nb3
22. Rxc8 Rxc8 23. Nxa7 Rc2+ 24. Kf1 h5 25. Ne2 h4 26. Nd4 Rxb2 27. Nxb3 Rxb3 28.
Nc6 Rxe3 29. Nxe7+ Kg7 30. Nc6 b3 31. Nd4 e5 32. Ne2 b2 33. Rb1 Rb3 34. a5 Nd7
35. a6 Nc5 36. a7 Ra3 37. Ke1 Rxa7 38. Kd2 Na4 39. Kc2 Rd7 40. Re1 f5 41. exf5
gxf5 42. Kb3 Rd2 43. Kxa4 Rxe2 44. Rg1 Rc2 0-1

[Event "20th Dubai Open 2018"]
[Site "Dubai UAE"]
[Date "2018.04.03"]
[Round "2.20"]
[White "Pantsulaia, Levan"]
[Black "Hejazipour, Mitra"]
[Result "1-0"]
[WhiteTitle "GM"]
[BlackTitle "WGM"]
[WhiteElo "2592"]
[BlackElo "2304"]
[WhiteFideId "13602071"]
[BlackFideId "12505951"]
[EventDate "2018.04.02"]

1. Nf3 d5 2. c4 e6 3. b3 d4 4. g3 Nf6 5. Bg2 c5 6. e3 Nc6 7. exd4 cxd4 8. O-O
Be7 9. Re1 O-O 10. d3 Nd7 11. Na3 e5 12. Nc2 f6 13. Nh4 Nb6 14. f4 a5 15. Qh5
Nb4 16. Nxb4 Bxb4 17. Rf1 Qe8 18. Qd1 a4 19. Bd2 Bxd2 20. Qxd2 axb3 21. axb3
Rxa1 22. Rxa1 exf4 23. Qxf4 g5 24. Qxd4 gxh4 25. Qxb6 hxg3 26. Rf1 gxh2+ 27. Kh1
Kh8 28. Qd6 Qf7 29. Re1 Rg8 30. Bd5 Rg1+ 31. Kxh2 1-0

[Event "20th Dubai Open 2018"]
[Site "Dubai UAE"]
[Date "2018.04.03"]
[Round "2.21"]
[White "Narayanan, S.L."]
[Black "Sekar, B"]
[Result "1-0"]
[WhiteTitle "GM"]
[WhiteElo "2568"]
[BlackElo "2298"]
[WhiteFideId "5058422"]
[BlackFideId "5043743"]
[EventDate "2018.04.02"]

1. c4 Nf6 2. Nc3 e5 3. Nf3 Nc6 4. e3 d5 5. cxd5 Nxd5 6. Bb5 Nxc3 7. bxc3 Bd6 8.
d4 exd4 9. cxd4 O-O 10. O-O Bf5 11. Bd3 Bxd3 12. Qxd3 Nb4 13. Qb1 Rb8 14. Bd2
Na6 15. Rd1 c6 16. e4 Nc7 17. Qc2 Qd7 18. Re1 f5 19. Qb3+ Qf7 20. e5 Qxb3 21.
axb3 Be7 22. Rxa7 Nb5 23. Ra4 Rbd8 24. h4 Rd5 25. Ba5 Re8 26. Bb6 Kf7 27. Rea1
h6 28. h5 Bd8 29. Bc5 Be7 30. Ra8 Rxa8 31. Rxa8 Rd8 32. Rxd8 Bxd8 33. Kf1 Ba5
34. Ke2 Bd8 35. Kd3 Be7 36. Bxe7 Kxe7 37. Nh4 Ke6 38. Ng6 Nc7 39. Nf4+ Ke7 40.
Kc4 b6 41. d5 1-0

[Event "20th Dubai Open 2018"]
[Site "Dubai UAE"]
[Date "2018.04.03"]
[Round "2.22"]
[White "Moksh, Amit Doshi"]
[Black "Krysa, Leandro"]
[Result "1/2-1/2"]
[BlackTitle "GM"]
[WhiteElo "2297"]
[BlackElo "2543"]
[WhiteFideId "25064967"]
[BlackFideId "116807"]
[EventDate "2018.04.02"]

1. e4 e5 2. Nf3 Nc6 3. Bb5 a6 4. Ba4 Nf6 5. O-O Be7 6. Re1 b5 7. Bb3 d6 8. c3
O-O 9. h3 Bb7 10. d4 Nd7 11. Nbd2 exd4 12. cxd4 Bf6 13. Nf1 Na5 14. Bc2 Re8 15.
Rb1 c5 16. d5 Nc4 17. b3 Nce5 18. N3h2 Ng6 19. Ng3 Bc8 20. Bd2 Bg5 21. Qc1 Bxd2
22. Qxd2 b4 23. f4 a5 24. Nf3 Nh4 25. Nxh4 Qxh4 26. Nf5 Qf6 27. Qf2 g6 28. Nh6+
Kg7 29. Ng4 Qd4 30. Qxd4+ cxd4 1/2-1/2

[Event "20th Dubai Open 2018"]
[Site "Dubai UAE"]
[Date "2018.04.03"]
[Round "2.23"]
[White "Kozelov, Roman"]
[Black "Ghaem Maghami, Ehsan"]
[Result "0-1"]
[BlackTitle "GM"]
[WhiteElo "2267"]
[BlackElo "2523"]
[WhiteFideId "14133377"]
[BlackFideId "12500739"]
[EventDate "2018.04.02"]

1. e4 c5 2. Nf3 d6 3. Bb5+ Nc6 4. a4 Bd7 5. O-O Nf6 6. Nc3 e6 7. d4 cxd4 8. Nxd4
Be7 9. Be3 O-O 10. h3 e5 11. Nf3 a6 12. Be2 Nb4 13. Nd2 Bc6 14. Bf3 d5 15. exd5
Nbxd5 16. Nxd5 Nxd5 17. Nc4 e4 18. Be2 Nxe3 19. Nxe3 Bc5 20. Qe1 Qf6 21. b4 Bd4
22. Ng4 Qe7 23. c3 Bb6 24. b5 axb5 25. Bxb5 Bxb5 26. axb5 Rxa1 27. Qxa1 h5 28.
Ne3 Bxe3 29. fxe3 Qc5 30. Qe1 Qxb5 31. Qh4 Qd3 32. Qf4 b5 33. Rf2 Qxc3 34. Qxe4
b4 35. Qb7 Qe1+ 36. Rf1 Qxe3+ 37. Kh1 Qd3 38. Rf3 Qd1+ 39. Kh2 Qd6+ 40. Kh1 g6
41. Kg1 Qd4+ 42. Kh1 Qc4 43. Kh2 Re8 44. Qb6 Rc8 45. g3 Re8 46. Rf2 Re2 47. Qd8+
Kh7 48. Qf6 Rxf2+ 49. Qxf2 Kg7 50. Qe3 Qc3 51. Qb6 b3 52. g4 h4 53. g5 b2 54.
Kg2 Qc2+ 55. Kf3 Qf5+ 0-1